000 00741nam a22002177a 4500
005 20130408120433.0
010 _aENG-105094
020 _a9788183822817
_c125.00
035 _aEN-88627
035 _aB-491399-400
037 _bDBAD/PUB
037 _bIndraprastha Prakashan/Ven
082 _a658.4
100 _aKaushik, Kiran
245 _aEffective director /
_cby Kiran Kaushik
260 _aNew Delhi
_bLotus Press
_c2012
270 _a4735/22,Prakash Deep Building,Ansari Road,Darya Ganj,
_bNew Delhi
_e110002
300 _a231p.
_c22cm(pbk)
942 _2ddc
_cEN
_mKAU
_h658.4
999 _c65565
_d65565